Statistics for Countries with a "Y"

Click here to take the quiz!

General Stats

  • This quiz has been taken 107 times
  • The average score is 14 of 20

Answer Stats

Answer% Correct
Yemen
95%
Paraguay
86%
Uruguay
86%
Kyrgyzstan
78%
Italy
77%
Turkey
77%
Germany
74%
Norway
74%
Syria
73%
Kenya
70%
Libya
70%
Malaysia
70%
Hungary
67%
Guyana
64%
Myanmar
63%
Egypt
58%
Cyprus
56%
Seychelles
56%
Ivory Coast
53%
Vatican City
49%

Score Distribution

Percentile by Number Answered

Percent of People with Each Score

Your Score History

You have not taken this quiz